000 00659nam a2200229Ia 4500
999 _c41104
_d41104
001 7754
003 GE_BSU
005 20220926102713.0
008 181216s2008en xx |||||||||||||| ||eng||
020 _a978007154479
040 _cGE_BSU
041 _aeng
080 _a72.09 F-17
100 _aFazio,Michael
_914758
245 2 _aA World History of Architecture/
_cMichael Fazio.
264 _aBoston :
_bMc Graw-Hill,
_c2008.
300 _a592 p.:
_b Ill;
_c30 cm.
300 _eMaps, Plans
653 _aA World History of Architecture
653 _aარქიტექტურის მსოფლიო ისტორია
942 _cBK
_2udc